[Event "Zaragoza Artistica op"]
[Site "Zaragoza"]
[Date "2013.05.11"]
[Round "7"]
[White "Gracia Chueca, Jose Luis"]
[Black "Quintero Rodriguez, John"]
[Result "1/2-1/2"]
[WhiteElo "1590"]
[BlackElo "1515"]
[PlyCount "26"]
[EventDate "2013.04.13"]
[EventType "swiss"]
[EventRounds "9"]
[EventCountry "ESP"]
[SourceTitle "CBM 154 Extra"]
[Source "ChessBase"]
[SourceDate "2013.06.25"]
[SourceVersion "2"]
[SourceVersionDate "2013.06.25"]
[SourceQuality "1"]

1. d4 d5 2. Nf3 e6 3. Bf4 f5 4. e3 Nf6 5. c4 c6 6. c5 Be7 7. Bd3 0-0 8. 0-0 Nbd7 9. Ng5 Nb8 10. Nd2 h6 11. Ngf3 Ne4 12. Bxb8 Rxb8 13. Ne5 Qc7 1/2-1/2

[Event "Zaragoza Artistica op"]
[Site "Zaragoza"]
[Date "2013.04.28"]
[Round "6"]
[White "Quintero Rodriguez, John"]
[Black "Aviol Perez, Jose Mariano"]
[Result "0-1"]
[WhiteElo "1515"]
[BlackElo "1937"]
[PlyCount "43"]
[EventDate "2013.04.13"]
[EventType "swiss"]
[EventRounds "9"]
[EventCountry "ESP"]
[SourceTitle "CBM 154 Extra"]
[Source "ChessBase"]
[SourceDate "2013.06.25"]
[SourceVersion "2"]
[SourceVersionDate "2013.06.25"]
[SourceQuality "1"]

1. d4 d5 2. g3 Nf6 3. Bg2 Nc6 4. Nf3 Bf5 5. 0-0 e6 6. c3 Be7 7. Nbd2 Ne4 8. Ne1 h5 9. f3 Nxd2 10. Bxd2 h4 11. g4 h3 12. Bh1 Bg6 13. f4 Qd7 14. Nf3 0-0-0 15. e3 Bd3 16. b4 e5 17. Nxe5 Nxe5 18. dxe5 Bxf1 19. Kxf1 f6 20. exf6 Bxf6 21. Bf3 Qd6 22. b5 0-1